00000000nam##2200000za#4500
0019.634916
003CaOODSP
00520210624220016
007cr |||||||||||
008150407|2007||||xxc|||||o    f|0| 0 fre|d
040 |aCaOODSP|bfre
043 |an-cn---
0861 |aHS4-33/2007F-PDF
1101 |aCanada. |bRessources humaines et développement social Canada.
24510|aDescriptions de travail - manuel à l'usage des employeurs : |h[ressource électronique]|bcomment les rédiger, comment les utiliser
24613|aClassification nationale des professions
260 |aOttawa - Ontario : |bRessources humaines et Développement social Canada |c©2007.
300 |a26p.|bill. en couleur, tableaux
500 |aLe n° de catalogue (HS4-33/2007) et l'ISBN (978-0-662-49992-3) pour l'édition imprimée bilingue ont été incorrectement copiés dans cette édition PDF.
5203 |aFondé à partir de la Classification nationale des professions (CNP), ce manuel aidera les utilisateurs à rédiger des descriptions de travail pour recruter des employés, évaluer leur rendement et identifier les besoins en formation.
590 |a08-01|b2008-01-04
69107|aClassification des emplois|2gcpds
69107|aDescription de poste|2gcpds
69107|aEmployeur|2gcpds
77508|tJob descriptions - an employer's handbook : |w(CaOODSP)9.690562
7760#|tJob descriptions - an employer's handbook : |w(CaOODSP)9.668601
7760#|tDescriptions de travail - manuel à l'usage des employeurs : |w(CaOODSP)9.668602
85640|ahttp://publications.gc.ca|qPDF|s634 Ko|uhttps://publications.gc.ca/collections/collection_2008/hrsdc-rhdsc/HS4-33-2007F.pdf
986 |aWP-019-03-07F